/ 3



Madhkali Kav-Bodh (Record no. 17199)

MARC details
000 -LEADER
fixed length control field 00313nam a2200133Ia 4500
008 - FIXED-LENGTH DATA ELEMENTS--GENERAL INFORMATION
fixed length control field 090707b ii f a fnsan d
100 ## - MAIN ENTRY--PERSONAL NAME
Personal name Bedi, Sohinder Singh Wanjara
245 ## - TITLE STATEMENT
Title Madhkali Kav-Bodh
260 ## - PUBLICATION, DISTRIBUTION, ETC.
Place of publication Delhi
260 ## - PUBLICATION, DISTRIBUTION, ETC.
Name of publisher Punjabi Sahit Sabha
260 ## - PUBLICATION, DISTRIBUTION, ETC.
Year of publication 1987
300 ## - PHYSICAL DESCRIPTION
Number of Pages 92p.
942 ## - ADDED ENTRY ELEMENTS (KOHA)
Koha item type Books
Holdings
Accession Number Lost status Damaged status Price effective from Koha item type Not for loan Collection code Withdrawn status Home library Current library Date acquired Cost, normal purchase price Shelving location Source of acquisition
35675     10/02/2018 Books   Punjabi Department Books   RCL RCL 10/02/2018      
35988       Books   Punjabi Department Books   RCL RCL   0.00    
35989       Books   Punjabi Department Books   RCL RCL   0.00    
37488       Books   Punjabi Department Books   RCL RCL 07/30/2024 25.00 General Stacks DDC
39015       Books   Punjabi Department Books   RCL RCL   0.00    
39016       Books   Punjabi Department Books   RCL RCL   0.00    

Find us on the map

Contact Us

RAMANUJAN COLLEGE UNIVERSITY OF DELHI, KALKAJI, NEW DELHI 110019
library@ramaanujan.du.ac.in
011-35002219
https://library.ramanujancollege.ac.in/
ramanujancollegelibrary
                                 
Customized & Maintained by Department of Library
Visitor Counter